000 00318nam a2200109Ia 4500
001 1286762
005 20260417164403.0
008 260417s9999 xx 000 0 und d
020 _a9786258317879
245 0 _aHayvanlar Aleminden Masallar - 3 Minik Serçe'nin Başarısı
_cYasemin Katı
260 _bBeyan Yayınları
999 _c1286762
_d1286762